| Tag |
First Indicator |
Second Indicator |
Subfields |
| LEADER |
00000cam a2200000 a 4500 |
| 001 |
in00000284021 |
| 005 |
20151010091735.0 |
| 008 |
820330s1981 miuab b 10110 eng |
| 010 |
|
|
|a 82108195
|z 81-66619
|
| 020 |
|
|
|a 0250404680
|
| 035 |
|
|
|a (OCoLC)08390131
|
| 035 |
|
|
|9 ABG6046AM
|
| 039 |
0 |
|
|a 2
|b 3
|c 3
|d 3
|e 3
|
| 040 |
|
|
|a DLC
|c DLC
|d TXA
|d UtOrBLW
|
| 043 |
|
|
|a n-us---
|
| 049 |
|
|
|a TXAM
|c [1407442]
|
| 050 |
0 |
0 |
|a HD9502 U52
|b N337 1980
|
| 082 |
0 |
|
|a 333.79/13/0973
|2 19
|
| 111 |
2 |
|
|a National Conference on Energy and the Environment
|n (7th :
|d 1980 :
|c Phoenix, Ariz.)
|
| 245 |
1 |
0 |
|a Environmental and economic considerations in energy utilization :
|b proceedings of the seventh National Conference on Energy and the Environment, November 30-December 3, 1980, Phoenix, Arizona /
|c edited by Joseph P. Reynolds, William N. McCarthy, Jr., Louis Theodore ; conducted by Manhattan College Chemical Engineering Department and the Energy-Environmental Interactions Committee of the Air Pollution Control Association ; sponsored by the U.S. Department of Energy and the U.S. Environmental Protection Agency ; hosted by American Institute of Chemical Engineers (Arizona Chapter) [and others].
|
| 264 |
|
1 |
|a Ann Arbor, Mich. :
|b Ann Arbor Science Publishers,
|c [1981]
|
| 264 |
|
4 |
|c ©1981
|
| 300 |
|
|
|a xii, 595 pages :
|b illustrations, maps ;
|c 29 cm.
|
| 336 |
|
|
|a text
|b txt
|2 rdacontent
|
| 337 |
|
|
|a unmediated
|b n
|2 rdamedia
|
| 338 |
|
|
|a volume
|b nc
|2 rdacarrier
|
| 504 |
|
|
|a Includes bibliographical references and index.
|
| 650 |
|
0 |
|a Energy consumption
|x Economic aspects
|z United States
|x Congresses.
|
| 650 |
|
0 |
|a Energy consumption
|x Environmental aspects
|z United States
|x Congresses.
|
| 700 |
1 |
|
|a Reynolds, Joseph P.
|
| 700 |
1 |
|
|a McCarthy, William N.
|
| 700 |
1 |
|
|a Theodore, Louis.
|
| 710 |
2 |
|
|a Manhattan College.
|b Chemical Engineering Department.
|
| 710 |
2 |
|
|a Air Pollution Control Association.
|b TT-5.1 Technical Committee on Energy-Environmental Interactions.
|
| 710 |
2 |
|
|a American Institute of Chemical Engineers.
|b Arizona Section.
|
| 999 |
|
|
|a MARS
|
| 999 |
f |
f |
|s 4c8bd053-32d5-3150-92ef-a97425c8959a
|i 7b9ca2da-257a-3534-b599-452cad067c0b
|t 0
|
| 952 |
f |
f |
|p ric
|a Texas A&M University
|b Rellis Campus
|c Joint Library Facility
|d Remote Storage
|t 0
|e HD9502 U52 N337 1980
|h Library of Congress classification
|i unmediated -- volume
|m A14806337460
|
| 998 |
f |
f |
|a HD9502 U52 N337 1980
|t 0
|l Remote Storage
|